| 000 | 01092naa a22003017a 4500 | ||
|---|---|---|---|
| 001 | BR9302042 | ||
| 003 | BR-BrBNA | ||
| 005 | 20240918181046.0 | ||
| 007 | ta | ||
| 008 | 230509b bl.||||| |||| 00| 0 por d | ||
| 040 |
_aBR-BrBNA _bpor _cBiblioteca Nacional de Agricultura |
||
| 072 |
_aQ02 _b0150 |
||
| 090 | _aQ02 BR9302042 | ||
| 100 | 1 | _aCaneppele, C. | |
| 100 | 1 | _aHara, T. | |
| 100 | 1 | _aMartins, J.H. | |
| 100 | 1 | _aCampelo Junior, J.H.C. | |
| 111 | 1 |
_a22. Congresso Brasileiro de Engenharia Agricola _cIlheus, BA (Brazil) _d19-23 Jul 1993 |
|
| 245 | 1 | _aSimulacao de secagem de arroz (Oryza sativa L.)em secadores por conveccao natural | |
| 260 | 3 |
_aIlheus, BA (Brasil): _c1993. |
|
| 500 | _a22. Congresso Brasileiro de Engenharia Agricola. Anais Ilheus, BA (Brasil): 1993. v. 2 p. 1080-1090 (BR9302042-AM)Q02 | ||
| 650 | _aSecagem | ||
| 650 | _aArroz | ||
| 650 | _aSecador | ||
| 773 | 0 |
_t22. Congresso Brasileiro de Engenharia Agricola. Anais _wQ02 BR9302042 _gIlheus, BA (Brasil), 1993. v. 2 p. 1080-1090 |
|
| 909 |
_a202404 _bLucia _c55 _dLucia Elande |
||
| 942 |
_cAM _2AGRIS |
||
| 999 |
_c323414 _d323414 |
||